00305nam a22001097a 4500041000800000082001700008100002300025245003600048260006100084300000800145650004200153 aENG a297.273bNAQ aNaqvi Ali Mohammad aPrinciples of Islamic Economics aNew DelhibHumanitites Advanced Studies Institutesc2023 a226 a“Principles of Islamic Economics”